PII for construction consultants (Record no. 74379)

MARC details
000 -LEADER
fixed length control field 01147cam a2200205 4500
001 - CONTROL NUMBER
control field X126006
008 - FIXED-LENGTH DATA ELEMENTS--GENERAL INFORMATION
fixed length control field 040426n2004 000 0 eng u
035 ## - SYSTEM CONTROL NUMBER
System control number (Sirsi) u126006
110 ## - MAIN ENTRY--CORPORATE NAME
Corporate name or jurisdiction name as entry element Construction Industry Council
9 (RLIN) 2417
245 ## - TITLE STATEMENT
Title PII for construction consultants
260 ## - PUBLICATION, DISTRIBUTION, ETC.
Date of publication, distribution, etc. 2004
490 ## - SERIES STATEMENT
Series statement Civil Engineering Surveyor
Volume/sequential designation April 2004, 28-29(2)
520 ## - SUMMARY, ETC.
Summary, etc. Provides a briefing on Professional Indemnity Insurance (PII) for construction consultants. Reviews the meaning of PII third party insurance, what the policy will cover, the type of claims made, who is insured, the limit of the indemnity, insuring clauses, the excess, restrictions on cover, whether a client can take out PII for the consultant and whether there is an alternative. Suggests an alternative of first-party material damage policies, such as latent defects insurance, which covers the client or building owner against loss arising from defects.
650 ## - SUBJECT ADDED ENTRY--TOPICAL TERM
Topical term or geographic name entry element PROFESSIONAL INDEMNITY INSURANCE
650 ## - SUBJECT ADDED ENTRY--TOPICAL TERM
Topical term or geographic name entry element LATENT DEFECTS INSURANCE
650 ## - SUBJECT ADDED ENTRY--TOPICAL TERM
Topical term or geographic name entry element THIRD PARTY INSURANCE
650 ## - SUBJECT ADDED ENTRY--TOPICAL TERM
Topical term or geographic name entry element UNFAIR CONTRACT TERMS ACT 1977
690 ## - LOCAL SUBJECT ADDED ENTRY--TOPICAL TERM (OCLC, RLIN)
Topical term or geographic name as entry element Insurance
9 (RLIN) 6249
942 ## - ADDED ENTRY ELEMENTS (KOHA)
Suppress in OPAC 0
Holdings
Withdrawn status Lost status Source of classification or shelving scheme Damaged status Not for loan Home library Current library Shelving location Date acquired Total Checkouts Full call number Barcode Date last seen Copy number Price effective from Koha item type
    Dewey Decimal Classification     London London Journal article 26/04/2004   X126006 126006-1001 06/08/2019 1 06/08/2019 Journal article